000 00876nam a2200205Ii 4500
003 JO-AjNU
008 230605s9999||||xx |||||||||||||| ||und||
040 _aJO-AjNU
_bara
_erda
_cJO-AjNU
041 _aara
050 1 4 _aLB1728.C612 2004
100 3 _aأبو لبدة،عبدالله علي مراجع/سليمان،محمد طالب السيد مترجم/Costantino,Patricia M م.مشارك/De Lorenzo,Marie مؤلف ,
_eauthor
_921670
245 0 0 _aملف الإنجاز المهني:دليل المعلم للتميز = Developing a Professional Teaching Portfolio
250 _aط1
264 3 1 _aالعين: دار الكتاب الجامعي ،2004
300 _a182ص
336 _atext
_btxt
_2rdacontent
337 _aunmediated
_bn
_2rdamedia
338 _avolume
_bnc
_2rdacarrier
650 4 _aالمدرسون-تقدير. المدرسون-تدريب.
_921671
999 _aA7567
_c11135
_d11135